[Event "EU-ch Online 2300+ Qual"]
[Site "Chess.com INT"]
[Date "2020.05.29"]
[Round "5"]
[White "Orujov, Elshad"]
[Black "Remizov, Yaroslav"]
[Result "0-1"]
[WhiteElo "2304"]
[BlackElo "2403"]
[PlyCount "126"]
[EventDate "2020.05.29"]
[EventType "swiss"]
[EventRounds "8"]
[EventCountry "NET"]
[SourceTitle "CBM 196 Extra"]
[Source "ChessBase"]
[SourceDate "2020.07.31"]
[SourceVersion "1"]
[SourceVersionDate "2020.07.31"]
[SourceQuality "1"]

1. Nc3 d5 2. e4 c6 3. Nf3 dxe4 4. Nxe4 Nf6 5. Nxf6+ exf6 6. Bc4 Bd6 7. Qe2+ Qe7 8. Qxe7+ Kxe7 9. d4 Be6 10. Bd3 Na6 11. c3 Nc7 12. c4 c5 13. d5 Bg4 14. Nh4 Be5 15. Bf5 h5 16. h3 Bxf5 17. Nxf5+ Kd7 18. f4 Bd6 19. 0-0 Bf8 20. Bd2 g6 21. Ng3 f5 22. Bc3 Rg8 23. Rae1 Bd6 24. Be5 b5 25. b3 bxc4 26. bxc4 Rab8 27. Rb1 Rge8 28. Bxd6 Kxd6 29. Kf2 Rb4 30. Rxb4 cxb4 31. Rc1 a5 32. Nf1 Na6 33. Nd2 Nc5 34. Kf3 a4 35. Rb1 Nd3 36. g4 hxg4+ 37. hxg4 fxg4+ 38. Kxg4 Re2 39. Rd1 Nf2+ 40. Kf3 Nxd1 41. Kxe2 Nc3+ 42. Kd3 Nxa2 43. Ne4+ Kc7 44. c5 a3 45. Kc2 Nc3 46. Nxc3 bxc3 47. Kxc3 f6 48. Kb3 g5 49. fxg5 fxg5 50. Kxa3 g4 51. Kb4 g3 52. Kb5 g2 53. d6+ Kd7 54. Kb6 g1Q 55. Kb5 Qb1+ 56. Kc4 Kc6 57. Kd4 Qb4+ 58. Ke5 Qxc5+ 59. Ke4 Qxd6 60. Ke3 Kd5 61. Kf3 Kd4 62. Kg4 Ke4 63. Kg5 Qe6 0-1

[Event "Tula Sinitsin Memorial"]
[Site "Tula"]
[Date "2014.04.07"]
[Round "12"]
[White "Zaitsev, Alexander"]
[Black "Orujov, Elshad"]
[Result "1/2-1/2"]
[WhiteElo "2408"]
[BlackElo "2199"]
[PlyCount "96"]
[EventDate "2014.03.31"]
[EventType "tourn"]
[EventRounds "13"]
[EventCountry "RUS"]
[EventCategory "6"]
[SourceTitle "EXT 2015"]
[Source "ChessBase"]
[SourceDate "2014.11.20"]
[SourceVersion "1"]
[SourceVersionDate "2014.11.20"]
[SourceQuality "1"]

1. d4 Nf6 2. c4 e6 3. Nc3 Bb4 4. Qc2 0-0 5. a3 Bxc3+ 6. Qxc3 b6 7. Bg5 Bb7 8. e3 d6 9. Qc2 Nbd7 10. Rd1 Rc8 11. Ne2 c5 12. Nc3 cxd4 13. Rxd4 Rc5 14. Bh4 Qa8 15. Be2 d5 16. f3 e5 17. Rd1 dxc4 18. 0-0 b5 19. Rd6 Qc8 20. Rfd1 a6 21. Qd2 Rc7 22. e4 Qb8 23. Kh1 h6 24. Qe3 Qc8 25. Qd2 Re8 26. Na2 Re6 27. Rxe6 fxe6 28. Qd6 Nf8 29. Bg3 Ng6 30. Bxe5 Nxe5 31. Qxe5 Kh7 32. Rd6 Rc6 33. a4 Rxd6 34. Qxd6 Qd7 35. Qb4 Ba8 36. axb5 axb5 37. Nc1 e5 38. b3 Nh5 39. g3 Nxg3+ 40. hxg3 Qh3+ 41. Kg1 Qxg3+ 42. Kf1 Bxe4 43. fxe4 Qf4+ 44. Kg2 Qg5+ 45. Kf2 Qf4+ 46. Bf3 Qxc1 47. bxc4 bxc4 48. Qc5 Qd2+ 1/2-1/2

[Event "Tula Sinitsin Memorial"]
[Site "Tula"]
[Date "2014.04.05"]
[Round "8"]
[White "Kulicov, Oleg Anatolie"]
[Black "Orujov, Elshad"]
[Result "1/2-1/2"]
[WhiteElo "2451"]
[BlackElo "2199"]
[PlyCount "81"]
[EventDate "2014.03.31"]
[EventType "tourn"]
[EventRounds "13"]
[EventCountry "RUS"]
[EventCategory "6"]
[SourceTitle "EXT 2015"]
[Source "ChessBase"]
[SourceDate "2014.11.20"]
[SourceVersion "1"]
[SourceVersionDate "2014.11.20"]
[SourceQuality "1"]

1. d4 d5 2. c4 e6 3. g3 Nf6 4. Bg2 dxc4 5. Nf3 c5 6. 0-0 Nc6 7. Ne5 Bd7 8. Na3 Nd5 9. Naxc4 Nxd4 10. Be3 Nc6 11. Qb3 Qc7 12. Nxd7 Qxd7 13. Rad1 Rd8 14. Qa3 Be7 15. Bxc5 Bxc5 16. Qxc5 Qe7 17. Qb5 0-0 18. a3 a6 19. Qb3 Qc7 20. e4 Nf6 21. e5 Nxe5 22. Rxd8 Rxd8 23. Nxe5 Qxe5 24. Qxb7 a5 25. Rc1 g6 26. b4 Rd2 27. Qa8+ Kg7 28. Qxa5 Qb2 29. Rf1 Ng4 30. Qa7 Rd3 31. a4 Qxb4 32. a5 Ra3 33. a6 Qc4 34. Bb7 Nxh2 35. Kxh2 Qxf1 36. Qd4+ e5 37. Qxe5+ Kg8 38. Qe8+ Kg7 39. Qe5+ Kg8 40. Qe8+ Kg7 41. Qe5+ 1/2-1/2

[Event "Tula Sinitsin Memorial"]
[Site "Tula"]
[Date "2014.04.01"]
[Round "2"]
[White "Orujov, Elshad"]
[Black "Tishin, Petr"]
[Result "0-1"]
[WhiteElo "2199"]
[BlackElo "2421"]
[PlyCount "70"]
[EventDate "2014.03.31"]
[EventType "tourn"]
[EventRounds "13"]
[EventCountry "RUS"]
[EventCategory "6"]
[SourceTitle "EXT 2015"]
[Source "ChessBase"]
[SourceDate "2014.11.20"]
[SourceVersion "1"]
[SourceVersionDate "2014.11.20"]
[SourceQuality "1"]

1. d4 d5 2. c4 c6 3. Nf3 Nf6 4. Nc3 e6 5. e3 a6 6. b3 Bb4 7. Bd2 Nbd7 8. Bd3 0-0 9. 0-0 Bd6 10. Qc2 h6 11. Rad1 e5 12. cxd5 cxd5 13. dxe5 Nxe5 14. Nxe5 Bxe5 15. Ne2 Bg4 16. h3 Rc8 17. Qb1 Bd7 18. Rc1 Qe7 19. a4 Bb8 20. Rfd1 Qe5 21. Ng3 Qg5 22. Rxc8 Rxc8 23. Nf5 Ne4 24. Bxe4 dxe4 25. Nd4 Qe5 26. g3 Bxh3 27. Rc1 Ba7 28. Rxc8+ Bxc8 29. Qc1 Bd7 30. Qc3 Qd5 31. Qb4 Bg4 32. Qc3 Qh5 33. Qc7 Bh3 34. Qf4 Qd1+ 35. Kh2 Bxd4 0-1

[Event "Baku President's Cup 3rd"]
[Site "Baku"]
[Date "2008.05.12"]
[Round "7"]
[White "Bregadze, Levan"]
[Black "Orujov, Elshad"]
[Result "0-1"]
[WhiteElo "2417"]
[BlackElo "2161"]
[PlyCount "46"]
[EventDate "2008.05.12"]
[EventType "swiss"]
[EventRounds "9"]
[EventCountry "AZE"]
[SourceTitle "CBM 124 Extra"]
[Source "ChessBase"]
[SourceDate "2008.07.03"]
[SourceVersion "1"]
[SourceVersionDate "2008.07.03"]
[SourceQuality "1"]

1. Nf3 Nf6 2. c4 c5 3. g3 e6 4. Bg2 d5 5. 0-0 Nc6 6. cxd5 Nxd5 7. Nc3 Be7 8. a3 h5 9. h4 g5 10. hxg5 h4 11. gxh4 Nf4 12. Qa4 e5 13. d3 Ng6 14. Be3 Bd7 15. Qe4 Nd4 16. Nxe5 Rxh4 17. Qxb7 Nxe5 18. Qxa8 Qxa8 19. Bxa8 Rg4+ 20. Bg2 Nef3+ 21. exf3 Nxf3+ 22. Kh1 Rh4+ 23. Bh3 Bxh3 0-1